Účtovanie odpisov a sprostredkovania
Postup fyzickej osoby, ktorá vedie jednoduché účtovníctvo, pri účtovaní odpisov a sprostredkovania. Účtovníctvo a daň z príjmov. Úprava hospodárskeho výsledku. Účtovanie uzávierkových operácií. HIM vo výkaze o majetku. Sprostredkovateľská odmena. Potreba poznať predpisy o účtovníctve.
Guardado en:
| Autor principal: | |
|---|---|
| Formato: | Capítulo de libro |
| Lenguaje: | eslovaco |
| Materias: | |
| Etiquetas: |
Sin Etiquetas, Sea el primero en etiquetar este registro!
|
MARC
| LEADER | 00000naa a2200000 4500 | ||
|---|---|---|---|
| 001 | r027246 | ||
| 005 | 20230824090205.8 | ||
| 041 | 0 | |a slo | |
| 044 | |a SK | ||
| 245 | 1 | 0 | |a Účtovanie odpisov a sprostredkovania |c Tatjana Pecháčová |
| 520 | |a Postup fyzickej osoby, ktorá vedie jednoduché účtovníctvo, pri účtovaní odpisov a sprostredkovania. Účtovníctvo a daň z príjmov. Úprava hospodárskeho výsledku. Účtovanie uzávierkových operácií. HIM vo výkaze o majetku. Sprostredkovateľská odmena. Potreba poznať predpisy o účtovníctve. | ||
| 610 | 2 | 0 | |a Slovensko |
| 610 | 2 | 0 | |a 1997 |
| 610 | 2 | 0 | |a účtovníctvo jednoduché |
| 610 | 2 | 0 | |a osoby fyzické |
| 610 | 2 | 0 | |a odpisy |
| 610 | 2 | 0 | |a dane z príjmov |
| 610 | 2 | 0 | |a operácie účtovné |
| 610 | 2 | 0 | |a predpisy právne |
| 100 | 1 | |a Pecháčová, Tatjana | |